书目信息 |
| 题名: |
理想空间
|
|
| 作者: | 周炳宇 , 夏南凯 , 张雅丽 , 陈浩 主编 | |
| 分册: | No.68 城市地下空间规划与设计 | |
| 出版信息: | 上海 同济大学出版社 2015.09 |
|
| 页数: | 127页 | |
| 开本: | 30cm | |
| 丛书名: | ||
| 单 册: | ||
| 中图分类: | TU984.11 | |
| 科图分类: | ||
| 主题词: | 城市空间--cheng shi kong jian--丛刊 , 地下建筑物--di xia jian zhu wu--城市规划--丛刊 | |
| 电子资源: | ||
| ISBN: | 978-7-5608-6024-4 | |
| 000 | 01535nam 2200361 450 | |
| 001 | CA2016000755 | |
| 005 | 20201118111530.29 | |
| 010 | @a978-7-5608-6024-4@dCNY55.00 | |
| 100 | @a20151210d2015 em y0chiy50 ea | |
| 101 | 0 | @achi@eeng |
| 102 | @aCN@b310000 | |
| 105 | @aabk a 000yy | |
| 106 | @ar | |
| 200 | 1 | @a理想空间@Ali xiang kong jian@d= Ideal space@hNo.68@i城市地下空间规划与设计@f周炳宇 ... [等]主编@Fzhou bing yu ... [ den ] zhu bian@zeng |
| 210 | @a上海@c同济大学出版社@d2015.09 | |
| 215 | @a127页@c图, 地图@d30cm | |
| 304 | @a题名、责任者取自封面 | |
| 304 | @a题名页题其余责任者: 夏南凯, 张雅丽, 陈浩 | |
| 320 | @a有书目 | |
| 330 | @a本书通过对国内外高水平和有代表性的规划案例的介绍和深入剖析, 探究城市地下空间规划编制的重点和核心问题, 包括对当前国内外城市地下空间规划的现状和趋势分析, 地下空间总体规划、控制性详细规划及专项规划的编制机制和方法研究, 涉及城市地下商业休闲空间、地下综合体、地下交通、地下市政设施等各领域, 为城市地下空间规划提供理论及案例参考。 | |
| 510 | 1 | @aIdeal space@zeng |
| 517 | 1 | @a城市地下空间规划与设计@Acheng shi di xia kong jian gui hua yu she ji |
| 540 | @a理想空间 | |
| 606 | 0 | @a城市空间@Acheng shi kong jian@j丛刊 |
| 606 | 0 | @a地下建筑物@Adi xia jian zhu wu@x城市规划@j丛刊 |
| 690 | @aTU984.11@v5 | |
| 701 | 0 | @a周炳宇@Azhou bing yu@4主编 |
| 701 | 0 | @a夏南凯@Axia nan kai@4主编 |
| 701 | 0 | @a张雅丽@Azhang ya li@4主编 |
| 701 | 0 | @a陈浩@Achen hao@4主编 |
| 801 | @aCN | |
| 901 | @a20 | |
| 905 | @a河南城建学院图书馆@b1292720-2@dTU984.11@eZ758:68@f3@cNo.68 | |
| 理想空间= Ideal space.No.68.城市地下空间规划与设计/周炳宇 ... [等]主编.-上海:同济大学出版社,2015.09 |
| 127页:图, 地图;30cm |
| ISBN 978-7-5608-6024-4:CNY55.00 |
| 本书通过对国内外高水平和有代表性的规划案例的介绍和深入剖析, 探究城市地下空间规划编制的重点和核心问题, 包括对当前国内外城市地下空间规划的现状和趋势分析, 地下空间总体规划、控制性详细规划及专项规划的编制机制和方法研究, 涉及城市地下商业休闲空间、地下综合体、地下交通、地下市政设施等各领域, 为城市地下空间规划提供理论及案例参考。 |
| ● |
| 相关链接 |
|
|
|
正题名:理想空间
索取号:TU984.11/Z758:68
 
预约/预借
| 序号 | 登录号 | 条形码 | 馆藏地/架位号 | 状态 | 备注 |
| 1 | 1292720 | 212927201 | 建筑库201/201建筑库 63排1列2层/ [索取号:TU984.11/Z758:68] | 在馆 | |
| 2 | 1292721 | 212927218 | 建筑库201/201建筑库 62排7列3层/ [索取号:TU984.11/Z758:68] | 在馆 | |
| 3 | 1292722 | 212927225 | 建筑库201/201建筑库 62排7列3层/ [索取号:TU984.11/Z758:68] | 在馆 |